000 00631nam a2200217Ia 4500
003 OSt
005 20220925204821.0
006 a|||||r|||| 00| 0
007 ta
008 220923b |||||||| |||| 00| 0 eng d
037 _cGeneral Book
040 _aRTL
_cRTL
_beng
041 _2eng
_aeng
082 _aX71.255.N63-N62, K2
110 _aMadhya Pradesh
_9130721
245 0 _aMemorandum explanatory budget of Madhya Pradesh, 1962-63
260 _aGwalior
_bGovt regional press
_c1962
700 _aMadhya Pradesh
_9130722
942 _hX71.255.N63-N62, K2
_cGB
_2CC
999 _c550510
_d550510